000 00872nam a2200241Ia 4500
005 20240718111308.0
008 130821s2003 ck a gr dspa
020 _a9588040191
_cColección
020 _a9588040329
_cV.53
040 _aCo-BoUCM
_bspa
_cSandra Yazo (modificó)
_dSandra Yazo (modificó)
041 0 0 _aspa
082 0 4 _a923.2861
100 1 _aCastrillón Arboleda, Diego
_9116309
245 1 0 _aCamilo Torres Tenorio
_cDiego Castrillón Arboleda
260 _aBogotá (Colombia)
_bEditora Guadalupe
_c2003
300 _a53 páginas
_bilustraciones
490 0 _aColección bolsilibros
_v53
500 _aIncluye índice.
600 1 _aTorres Tenorio, Camilo
_d1766-1816
_vBiografías
_9129512
651 4 _aColombia
_xHistoria
_926897
710 2 _aAcademia Colombiana de Historia
_93835
942 _cLIBRO
_a19
_e1
_mC355c
_2DEWEY
_h923.2861
999 _c42553
_d42553